| 000 | 00908nam a22002537a 4500 | ||
|---|---|---|---|
| 005 | 20240530110427.0 | ||
| 008 | 150204s2010 ua g b 000 0 ara d | ||
| 040 | _aEG-CaGPL | ||
| 041 | 0 | _aara | |
| 082 | 0 | 4 |
_221 _a341.773\ _bى ج |
| 100 | 0 | _aيوسف حسن يوسف | |
| 245 | 1 | 2 |
_aالجريمة المنظمة الدولية و الارهاب الدولى / _cيوسف حسن يوسف |
| 250 | _aط1 | ||
| 260 |
_aالقاهرة : _bالمركز القومى للاصدارات القانونية ، _c2010 |
||
| 300 |
_a261 ص ؛ _c24 سم |
||
| 504 | _aيشتمل على ارجاعات ببليجرافية | ||
| 650 | 0 | 4 | _aالجرائم الدولية |
| 650 | 0 | 4 | _aالارهاب |
| 650 | 0 | 4 | _aجرائم ضد الانسانية |
| 650 | 0 | 4 | _aجرائم ضد السلام |
| 650 | 0 | 4 | _aالجرائم المنظمة |
| 942 |
_2ddc _cBK |
||
| 999 |
_c60763 _d60763 |
||